Guess The American Brands! #41 - Statistics

General Stats
  • This quiz has been taken 10 times
  • The average score is 11 of 24
Answer Stats
Picture Answer % Correct
El Pollo Loco
90%
Despicable Me
80%
Goosebumps
70%
Juicy Fruit
70%
Honeywell
60%
The Weather Channel
60%
Banana Boat
50%
Del Taco
50%
Notepad
50%
Statefarm
50%
Dupont
40%
Baker Hughes
30%
Beninhana
30%
Brooks
30%
Commandos
30%
Google Fiber
30%
Kimberly Clark
30%
Officemax
30%
Offspring
30%
Spalding
30%
TED
30%
Utorrent
30%
Viewsonic
30%
Windows Media Player
30%
No matching quizzes found
Score Distribution
Percent of People with Each Score
Percentile by Number Answered
Your Score History
You have not taken this quiz